|
|
|
|
| LEADER |
02134nam a22003257a 4500 |
| 001 |
34904 |
| 003 |
BD-DhAAL |
| 005 |
20230117152710.0 |
| 008 |
190725r20151998bg ||||| |||| 00| 0 ben d |
| 020 |
|
|
|a 9844150604
|
| 040 |
|
|
|a BD-DhAAL
|c BD-DhAAL
|
| 041 |
|
|
|a ben
|
| 082 |
|
|
|2 23
|a 891.44
|
| 245 |
|
|
|a শ্রেষ্ঠ জীবনানন্দ /
|c সংকলিত ও সম্পাদিত আবদুল মান্নান সৈয়দ
|
| 246 |
|
|
|a Sherstha jibanananda (A collection of poems, novels, short-stories, essays, book-reviews, letters.)
|
| 260 |
|
|
|a ঢাকা :
|b অবসর প্রকাশনা সংস্থা,
|c ১৯৯৮ [ষষ্ঠ মুদ্রণ ২০১৫].
|
| 300 |
|
|
|a ৮১৪ পৃষ্ঠা ;
|c ২২ সে.মি.
|
| 500 |
|
|
|a জীবনানন্দ-রচনাবলী প্রকাশিত-অপ্রকাশিত সংকলন
|
| 526 |
|
|
|a GenEd (Residential Campus)
|
| 541 |
|
|
|a Development Book Agency
|e 34904, 35016, 40596, 40597
|
| 600 |
|
|
|a দাশ, জীবনানন্দ,
|d ১৮৯৯-১৯৫৪.
|9 33145
|
| 650 |
|
|
|a Bengali literature.
|9 33146
|
| 700 |
|
|
|a সৈয়দ, আবদুল মান্নান
|9 33147
|
| 852 |
|
|
|a Ayesha Abed Library
|c General Stacks
|
| 942 |
|
|
|2 ddc
|c BK
|
| 999 |
|
|
|c 40974
|d 40974
|
| 952 |
|
|
|0 0
|1 0
|2 ddc
|4 0
|6 891_440000000000000_SHE
|7 0
|9 65750
|a BRACUL
|b BRACUL
|c GEN
|d 2019-07-17
|e Development Book Agency
|g 528.00
|l 4
|m 39
|o 891.44 SHE
|p 3010035016
|r 2025-09-24
|s 2025-04-23
|t 2
|v 528.00
|w 2019-07-17
|y BK
|
| 952 |
|
|
|0 0
|1 0
|2 ddc
|4 0
|6 891_440000000000000_SHE
|7 0
|9 65867
|a SCL
|b SCL
|c GEN
|d 2019-07-24
|e Development Book Agency
|g 528.00
|l 3
|o 891.44 SHE
|p 3020034904
|r 2020-02-12
|s 2020-01-15
|t 1
|v 528.00
|w 2019-07-24
|y BK
|
| 952 |
|
|
|0 0
|1 0
|2 ddc
|4 0
|6 891_440000000000000_SHE
|7 0
|9 72671
|a SCL
|b SCL
|c GEN
|d 2023-01-05
|e Development Book Agency
|g 510.00
|l 3
|o 891.44 SHE
|p 3020040597
|r 2026-02-18
|s 2024-09-24
|t 4
|v 510.00
|w 2023-01-05
|y BK
|
| 952 |
|
|
|0 0
|1 0
|2 ddc
|4 0
|6 891_440000000000000_SHE
|7 0
|9 72672
|a SCL
|b SCL
|c GEN
|d 2023-01-05
|e Development Book Agency
|g 510.00
|l 0
|o 891.44 SHE
|p 3020040596
|r 2023-01-05
|t 3
|v 510.00
|w 2023-01-05
|y BK
|